Funcoes de uma variável complexa

Guardat en:
Dades bibliogràfiques
Autor principal: Neto, Alcides Lins (autor)
Format: Llibre
Idioma:portuguès
Publicat: Río de Janeiro IMPA 2008
Edició:2a. ed
Col·lecció:Projeto Euclides
Matèries:
Etiquetes: Afegir etiqueta
Sense etiquetes, Sigues el primer a etiquetar aquest registre!

MARC

LEADER 00000cam a2200000 a 4500
001 UCE8529
003 CL-VaPUC
008 150813e20080000bl |||||||||||||||||por|d
020 |a 9788524400872 
082 0 4 |a 515.9  |b NET  |2 21 
100 |a Neto, Alcides Lins  |e autor  |9 581246 
245 1 0 |a Funcoes de uma variável complexa 
250 |a 2a. ed 
300 |a 468 p 
942 |c BK 
945 |d 20150813 15:56:00  |a dcastane 
260 |a Río de Janeiro  |b IMPA  |c 2008 
650 0 |a Funciones analíticas  |9 270036 
650 0 |a Variables complejas  |9 581247 
650 0 |a Análisis complejo   |9 260214 
650 0 |a Números complejos  |9 270335 
583 |a last modification  |c 20150813 15:56:00  |k Rodrigo Vera 
490 0 |a Projeto Euclides 
999 |c 360365  |d 360363 
952 |0 0  |1 0  |3 erb  |4 0  |6 515_900000000000000_NET_2008  |7 0  |8 A  |9 470111  |a BIBMAT  |b BIBMAT  |i 5193702  |l 9  |m 3  |o 515.9 NET 2008  |p 5193702  |r 2025-01-07  |s 2024-11-08  |w 2019-11-23  |y BK  |z Catalogado en:20150813  |k MAT